Married and single life
A practical guide for planning and preparing for life as a single adult, as a married couple, and as part of a family or other group arrangements
Na minha lista:
| Autor principal: | |
|---|---|
| Formato: | Livro |
| Idioma: | Undetermined |
| Publicado em: |
New York
Glencoe/McGraw-Hill
1997
|
| Assuntos: | |
| Tags: |
Adicionar Tag
Sem tags, seja o primeiro a adicionar uma tag!
|
| Thư viện lưu trữ: | Trung tâm Học liệu Trường Đại học Cần Thơ |
|---|
| LEADER | 00737nam a2200193Ia 4500 | ||
|---|---|---|---|
| 001 | CTU_109863 | ||
| 008 | 210402s9999 xx 000 0 und d | ||
| 082 | |a 306.7 | ||
| 082 | |b R572 | ||
| 100 | |a Riker, Audrey Palm | ||
| 245 | 0 | |a Married and single life | |
| 245 | 0 | |c Audrey Palm Riker, Holly E. Brisbane | |
| 260 | |a New York | ||
| 260 | |b Glencoe/McGraw-Hill | ||
| 260 | |c 1997 | ||
| 520 | |a A practical guide for planning and preparing for life as a single adult, as a married couple, and as part of a family or other group arrangements | ||
| 650 | |a Marriage,Family life education,Single people,Marriage,Family life education,Single people | ||
| 904 | |i Năm, Q. Hieu | ||
| 980 | |a Trung tâm Học liệu Trường Đại học Cần Thơ | ||